Normal view
MARC view
- زقزوق،محمود حمدي
Entry Personal Name
001 - CONTROL NUMBER
- control field: 16472
003 - CONTROL NUMBER IDENTIFIER
- control field: JO-AjAnu
005 - DATE AND TIME OF LATEST TRANSACTION
- control field: 20230606072927.0
008 - FIXED-LENGTH DATA ELEMENTS
- fixed length control field: 230606|| aca||aabn | a|a d
040 ## - CATALOGING SOURCE
- Original cataloging agency: JO-AjAnu
- Transcribing agency: JO-AjAnu
100 ## - HEADING--PERSONAL NAME
- Personal name: زقزوق،محمود حمدي
670 ## - SOURCE DATA FOUND
- Source citation: Work cat.: (JO-AjAnu)8460: زقزوق،محمود حمدي, author, مقدمة في علم الأخلاق